Fire Emblem Heroes: Red Units - Statistics

General Stats
  • This quiz has been taken 76 times
    26 since last reset
  • The average score is 224 of 275
Answer Stats
Unit Name % Correct
Alear (f)
100%
Alear (m)
100%
Alm (CYL)
100%
Altina & Sanaki (duo/winter)
100%
Anna (New Year)
100%
Arden
100%
Arvis
100%
Ayra
100%
Azelle
100%
Byleth (f)
100%
Byleth (f/fallen)
100%
Byleth (m)
100%
Byleth & Rhea (duo/summer)
100%
Caeda
100%
Caeda (baby)
100%
Cain
100%
Catherine
100%
Chrom & Robin (duo/Day of Devotion)
100%
Corrin (m)
100%
Alfonse
100%
Alm
100%
Edelgard & Altina (duo/summer)
100%
Eirika
100%
Eirika & Ephraim (duo/baby)
100%
Eirika (legendary)
100%
Eirika (mage)
100%
Eir (New Year)
100%
Elise (hot spring)
100%
Eliwood
100%
Eliwood (baby)
100%
Eliwood (legendary)
100%
Eyvel
100%
Fjorm (summer)
100%
Freyr (summer)
100%
Gunnthrá (New Year)
100%
Guy
100%
Hector & Lilina (Halloween)
100%
Helbindi (summer)
100%
Henriette (Day of Devotion)
100%
Henry
100%
Hinata
100%
Hinoka (legendary)
100%
Hríd
100%
Hríd (New Year)
100%
Igrene
100%
Ike
100%
Ike (Day of Devotion)
100%
Ike (fallen)
100%
Ike (legendary)
100%
Ike & Mist (duo/baby)
100%
Keaton
100%
Kyza (New Year)
100%
Laegjarn
100%
Laevatein
100%
Larcei
100%
Leif
100%
Leo
100%
Leo (summer)
100%
Lethe
100%
Lilina
100%
Lilina (legendary)
100%
Lilina (summer)
100%
Linde & Sara (duo/mage festival)
100%
Lloyd
100%
Lucina
100%
Lyn
100%
Lyon
100%
Lyon (summer)
100%
Marisa
100%
Marth
100%
Marth (baby)
100%
Marth (CYL)
100%
Marth (legendary)
100%
Marth (masked)
100%
Mia
100%
Mia (baby)
100%
Micaiah (dancer)
100%
Múspell
100%
Naesala (pirate)
100%
Ogma
100%
Plumeria
100%
Robin (m/wedding)
100%
Roy
100%
Roy (CYL)
100%
Roy (legendary)
100%
Sigurd
100%
Sigurd & Deirdre (duo/dancer)
100%
Sigurd (legendary)
100%
Tibarn
100%
Veronica (legendary)
100%
Xander
100%
Yen'fay
100%
Altina
88%
Ares
88%
Athena
88%
Bartre (spring)
88%
Black Knight
88%
Brigid (pirate)
88%
Canas
88%
Celica
88%
Celica (CYL)
88%
Celica (fallen)
88%
Diamant
88%
Dorothea & Lene (duo/desert)
88%
Dorothea (winter)
88%
Embla
88%
Ena (Halloween)
88%
Felix
88%
Fir
88%
Fir (ascended)
88%
Hana
88%
Hana (Day of Devotion)
88%
Hubert
88%
Idunn
88%
Ishtar (dancer)
88%
Joshua
88%
Joshua (summer)
88%
Julia (fallen)
88%
Julia (scion)
88%
Julius
88%
Karel
88%
Karla
88%
Kent
88%
Líf
88%
Líf (rearmed)
88%
Líf & Thrasir (duo/Day of Devotion)
88%
Lon'qu
88%
Lumera
88%
Mirabilis
88%
Morgan (m)
88%
Morgan (m/fallen)
88%
Navarre
88%
Oboro (wedding)
88%
Owain
88%
Raigh
88%
Reginn
88%
Reinhardt (sword)
88%
Sanaki
88%
Say'ri
88%
Scáthach
88%
Selena
88%
Seliph
88%
Seliph (CYL)
88%
Seliph (legendary)
88%
Seth
88%
Severa (spring)
88%
Shannan
88%
Shanna (wedding)
88%
Sothis
88%
Tanith
88%
Tharja
88%
Tharja (wedding)
88%
Tharja (winter)
88%
Tobin
88%
Zelgius
88%
Zephiel
88%
Zephiel (winter)
88%
Annand
75%
Ashnard (fallen)
75%
Camilla (dream)
75%
Camilla (New Year)
75%
Camilla (ninja)
75%
Catria (Valentia)
75%
Cecilia (wedding)
75%
Chrom
75%
Chrom (fallen)
75%
Chrom (mounted)
75%
Constance
75%
Duma & Mila (duo/harvest)
75%
Eldigan
75%
Erk
75%
Ewan
75%
Fáfnir (New Year)
75%
Gray
75%
Hugh
75%
Kaden (New Year)
75%
Knoll
75%
Kris (m)
75%
Lapis
75%
Laslow
75%
Lene
75%
Lysithea
75%
Lysithea (CYL)
75%
Myrrh (Halloween)
75%
Nah
75%
Nailah (desert)
75%
Nanna (legendary)
75%
Neimi
75%
Nemesis
75%
Nowi (Halloween)
75%
Olivia
75%
Olivia (pegasus)
75%
Palla
75%
Palla (spring)
75%
Palla (Valencia)
75%
Phina
75%
Rickard (thief festival)
75%
Rutger
75%
Ryoma
75%
Ryoma (legendary)
75%
Shez (f/summer)
75%
Shez (m)
75%
Sigrun (wedding)
75%
Tana (summer)
75%
Tiki (adult)
75%
Tiki (ascended)
75%
Tiki (young)
75%
Tiki (young/summer)
75%
Yuri (legendary)
75%
Ashe (spring)
63%
Astram
63%
Bantu
63%
Bertram (fallen)
63%
Conrad (day of devotion)
63%
Dheginsea (Halloween)
63%
Elincia
63%
Fiora (summer)
63%
Flavia
63%
Flavia (wedding)
63%
Galzus
63%
Gharnef
63%
Haar (ninja)
63%
Holst
63%
Katarina
63%
Kurthnaga (Halloween)
63%
Leila (thief festival)
63%
Lorenz (summer)
63%
Luke
63%
Malice
63%
Mareeta
63%
Mareeta (ascended)
63%
Mareeta (fallen)
63%
Mercedes (summer)
63%
Miranda
63%
Nino (mage festival)
63%
Ophelia (rearmed)
63%
Panne (New Year)
63%
Priam
63%
Saber
63%
Silvia
63%
Soleil
63%
Solon
63%
Sophia
63%
Sophia (wedding)
63%
Titania (Day of Devotion)
63%
Zihark (ninja)
63%
Draug
50%
Flora
50%
Flora (picnic)
50%
Garon
50%
Hilda
50%
Iago
50%
Itsuki
50%
Kamui
50%
Kiria
50%
Lilith (fallen)
50%
Midori
50%
Rinkah (flame festival)
50%
Salem
50%
Shinon (ninja)
50%
Syrene
50%
Veld
50%
Volke
50%
Zephia
50%
Aelfric
38%
Arete
38%
Aversa
38%
Kempf
38%
Lucia
38%
Nyx
38%
Siegbert
38%
Stahl
38%
Gregor
25%
Pelleas
25%
Manuela (winter)
13%
No matching quizzes found
Score Distribution
Percent of People with Each Score
Percentile by Number Answered
Your Score History
You have not taken this quiz since the last reset